000 00407nam a2200145Ia 4500
003 Ost
005 20260225132601.0
008 260225s9999||||xx |||||||||||||| ||und||
040 _cfsic
041 _afre
082 _a791.43
245 0 _aRapport 2007-2008 sur l'économie de l'information :
245 0 _bscience et technologie pour le développement : le nouveau paradigme des TIC /
942 _cكتاب
999 _c34779
_d34779